000 00739nam a2200169Ia 4500
008 130821s1991 br gr por
040 _aCo-BoUCM
_bspa
041 0 0 _apor
100 1 _aGoes, Synesio Sampaio
245 1 0 _aNavegantes bandeirantes diplomatas
_baspectos da descoberta do continente, da penetracao do território brasileiro extra Tordesilhas e do estabelecimento das fronteiras da Amazonia
_cSynesio Sampaio Goes
260 _aBrasilia (Brasil)
_bInstituto de Pesquisa de Relacoes Internacionais. IPRI
_c1991
300 _a198 páginas
651 7 _aBrasil
_bRelaciones internacionales
_xHistoria
_926823
651 7 _aBrasil
_xHistoria
_926823
942 _cLIBRO
_a21
_e1
_mG627
_2DEWEY
_h981
999 _c62062
_d62062